Das Buch um Anton Wildgans (Record no. 9528)

MARC details
000 -CABECERA
campo de control de longitud fija 00597nam a2200217 a 4500
001 - NÚMERO DE CONTROL
campo de control BRL_716
005 - FECHA Y HORA DE LA ÚLTIMA TRANSACCIÓN
campo de control 20190320210850.0
008 - DATOS DE LONGITUD FIJA--INFORMACIÓN GENERAL
campo de control de longitud fija 300913s1932----gw-ao#####---#000-0dger-#
041 ## - CÓDIGO DE LENGUA
Código de lengua del texto/banda sonora o título independiente ger
044 ## - CÓDIGO DEL PAÍS DE LA ENTIDAD EDITORA/PRODUCTORA
Código MARC del país gw
050 #4 - SIGNATURA TOPOGRÁFICA DE LA BIBLIOTECA DEL CONGRESO
Número de clasificación PT2647.I45
Número de documento/Ítem .S69 1932
100 1# - ENTRADA PRINCIPAL--NOMBRE DE PERSONA
Nombre de persona Soyka, Josef
9 (RLIN) 24729
245 10 - MENCIÓN DE TÍTULO
Título Das Buch um Anton Wildgans
Mención de responsabilidad, etc. Josef Soyka.
260 ## - PUBLICACIÓN, DISTRIBUCIÓN, ETC.
Lugar de publicación, distribución, etc. Leipzig
Nombre del editor, distribuidor, etc. L. Staackmann
Fecha de publicación, distribución, etc. 1932
300 ## - DESCRIPCIÓN FÍSICA
Extensión 119 p.
Otras características físicas il.
Dimensiones 21 cm.
500 ## - NOTA GENERAL
Nota general Au791
600 14 - PUNTO DE ACCESO ADICIONAL DE MATERIA--NOMBRE DE PERSONA
Nombre de persona Wildgans, Anton
Fechas asociadas al nombre 1881-1932
Subdivisión de forma Biografía
9 (RLIN) 24730
650 14 - PUNTO DE ACCESO ADICIONAL DE MATERIA--TÉRMINO DE MATERIA
Término de materia o nombre geográfico como elemento de entrada Autores austriacos
Subdivisión de forma Biografía
Subdivisión cronológica Siglo XX
9 (RLIN) 24731
902 ## - CATALOGADOR
Iniciales GRL
942 ## - ELEMENTOS DE PUNTO DE ACCESO ADICIONAL (KOHA)
Fuente del sistema de clasificación o colocación Library of Congress Classification
Tipo de ítem Koha Libros
Holdings
Estado de retiro Estado de pérdida Estado dañado No para préstamo Localización permanente Ubicación/localización actual Fecha de adquisición Número de inventario Total de préstamos Signatura topográfica completa Código de barras Fecha visto por última vez Precio válido a partir de Tipo de ítem Koha
El ejemplar forma parte de la colección y puede ser consultado según las políticas vigentes.       Biblioteca Centro de Estudios Ruth D. Lechuga Biblioteca Centro de Estudios Ruth D. Lechuga 30/09/2013 Au791   PT2647.I45 .S69 1932 (Au791) GRL00786 22/03/2019 22/03/2019 Libros